000 00619nam a2200241Ia 4500
003 OSt
005 20221005132028.0
006 a|||||r|||| 00| 0
007 ta
008 221004b |||||||| |||| 00| 0 eng d
024 _a54129
037 _cTextual
040 _aCRL
_cCRL
_beng
041 _2eng
_aeng
082 _aT0Y1, K61
100 _aIndia Education (Ministry of-).
245 0 _aTeacher today and tomorrow
260 _c1961
490 _aIts publication,784.
650 _aEDUCATION
942 _hT0Y1, K61
_cTEXL
_2cc
999 _c1062222
_d1062222